[Event "Mendoza Mes de la Revolucion Cup"]
[Site "Mendoza"]
[Date "2021.05.09"]
[Round "3"]
[White "Gomez, Mauricio"]
[Black "Estrada, Pablo Antonio"]
[Result "1-0"]
[WhiteElo "1439"]
[BlackElo "1415"]
[PlyCount "83"]
[EventDate "2021.05.08"]
[EventType "tourn"]
[EventRounds "9"]
[EventCountry "ARG"]
[SourceTitle "CBM 202 Extra"]
[Source "ChessBase"]
[SourceDate "2021.07.31"]
[SourceVersion "1"]
[SourceVersionDate "2021.07.31"]
[SourceQuality "1"]

1. e4 e5 2. Nf3 Nc6 3. Bc4 Bc5 4. 0-0 Nf6 5. Nc3 d6 6. h3 h6 7. d3 Be6 8. Nd5 Nd4 9. c3 Nxf3+ 10. Qxf3 c6 11. Nxf6+ Qxf6 12. Qxf6 gxf6 13. Bxe6 fxe6 14. b4 Bb6 15. Be3 Kf7 16. Bxb6 axb6 17. a4 Ra7 18. Ra2 Rha8 19. Rfa1 d5 20. f3 Ke7 21. Kf2 Kd6 22. Ke3 c5 23. b5 Rg8 24. c4 f5 25. g4 fxe4 26. fxe4 Rf8 27. Rf2 d4+ 28. Ke2 Rf4 29. Rf3 Ra8 30. Raf1 Raf8 31. h4 Rxf3 32. Rxf3 Rf4 33. g5 hxg5 34. hxg5 Ke7 35. Kf2 Kf7 36. Kg3 Rxf3+ 37. Kxf3 Kg7 38. Kg4 Kh7 39. Kh5 Kg7 40. g6 Kh8 41. Kh6 Kg8 42. g7 1-0